000
00330 a2200157 4500
001
56919
020
_a
8508068964
040
_c
Anchieta - Pituba
100
_a
Marceau, Claude
240
1
0
_a
Menino-sem-alma
_l
por
245
1
0
_a
Menino-sem-alma
300
_a
102
362
0
_a
1998
650
4
_a
Literatura juvenil
942
_c
BK
999
_c
56919
_d
56919